000 00384nam a2200169Ia 4500
001 18171
003 IN-NITTTR
005 20251114233212.0
008 251113s9999||||xx |||||||||||||| ||eng||
040 _beng
040 _cIN-NITTTR
041 _aeng
082 _a760 D567S
100 _aDiethelm, Walter
245 0 _aSigent signal symbol /
_cDiethelm, Walter
942 _2ddc
_cBK
999 _c20805
_d20805